000 01164nam a2200265 i 4500
001 bg
245 0 0 _aFinansowanie ochrony środowiska w Polsce w warunkach osłabienia finansów publicznych :
_bmateriały z konferencji naukowej zorganizowanej przez Katedrę Polityki Przemysłowej i Ekologicznej Akademii Ekonomicznej w Krakowie (Kraków, 28 i 29 listopada 2003 r.) /
_cpod red. Józefy Famielec ; Akademia Ekonomiczna w Krakowie.
260 _aKraków :
_bWydaw. AE,
_c2005.
300 _a438 s. :
_brys., wykr. ;
_c24 cm.
500 _aTekst częśc. ang. Streszcz. ang. przy mater.
504 _aBibliogr. przy mater.
650 9 _aOchrona środowiska
_xfinanse
_zPolska
_yod 1989 r.
655 _aMateriały konferencyjne
700 1 _aFAMIELEC, Józefa.
_eRed.
710 0 _aAkademia Ekonomiczna (Kraków)
015 _aPB 10758/2005
020 _a8372522561
040 _cBPK
041 0 _apoleng
_beng
080 _a504.03:336.5](438)"1989/..."(061)
920 _a83-7252-256-1
942 _cKS
008 s pl f |000 0 pol
999 _c46194
_d46194
856 _uhttp://koha.tu.koszalin.pl/cgi-bin/koha/opac-detail.pl?biblionumber=46194
_yKatalog online BPK